000 00349nam a22001457a 4500
008 180919b xxu||||| |||| 00| 0 eng d
020 _a9780534096908
041 _aeng
080 _a316
082 _a316
100 _a50
101 _aSOC
245 _aGender in Intimate Relationships a microstructural approach
_cRisman,B.J
942 _2udc
_cBK
999 _c47995
_d47995